محاسبة المنشآت المتخصصة : (Record no. 33244)
[ view plain ]
| 000 -LEADER | |
|---|---|
| fixed length control field | 00679nam a22001577a 4500 |
| 003 - CONTROL NUMBER IDENTIFIER | |
| control field | JO-AjAnu |
| 005 - DATE AND TIME OF LATEST TRANSACTION | |
| control field | 20231204102955.0 |
| 008 - FIXED-LENGTH DATA ELEMENTS--GENERAL INFORMATION | |
| fixed length control field | 231204b jo ||||| |||| 00| 0 ara d |
| 040 ## - CATALOGING SOURCE | |
| Language of cataloging | ARA |
| Transcribing agency | JO-AjAnu |
| Modifying agency | ANU |
| 100 ## - MAIN ENTRY--PERSONAL NAME | |
| Personal name | البشيبشي، حلمي عبد الفتاح |
| 9 (RLIN) | 64625 |
| Relator term | مؤلف |
| 245 ## - TITLE STATEMENT | |
| Title | محاسبة المنشآت المتخصصة : |
| Remainder of title | البنوك.شركات التأمين.الجمعيات التعاونية في دولة قطر / |
| Statement of responsibility, etc. | حلمي عبد الفتاح البشيبشي |
| 260 ## - PUBLICATION, DISTRIBUTION, ETC. | |
| Place of publication, distribution, etc. | قطر : |
| Name of publisher, distributor, etc. | جامعة قطر، |
| Date of publication, distribution, etc. | 1990 |
| 300 ## - PHYSICAL DESCRIPTION | |
| Extent | 425 صفحه |
| 600 ## - SUBJECT ADDED ENTRY--PERSONAL NAME | |
| Dates associated with a name | المحاسبة-الشركات-البنوك-القطاع الخاص |
| 942 ## - ADDED ENTRY ELEMENTS (KOHA) | |
| Source of classification or shelving scheme | Library of Congress Classification |
| Koha item type | Books |
| Suppress in OPAC | No |
No items available.